000 00414nam a22001097a 4500
008 110623t xxu||||| |||| 00| 0 eng d
010 _aHCCSF95
245 _aHigh Court Civil Suit No. 205 OF 2002 J.B. Ouma Vs Uganda Railways Corporation
260 _c2002
500 _aBefore: THE HON. MR. JUSTICE LAMECK N. MUKASA
999 _c3804
_d3804